|
|
|
|
| LEADER |
00000nam0a2200000 4500 |
| 001 |
18323 |
| 005 |
20231101205210.0 |
| 010 |
|
|
|a 5712102013
|
| 035 |
|
|
|a (RuTPU)RU\TPU\book\18472
|
| 035 |
|
|
|a BOOK00018541
|
| 090 |
|
|
|a 18323
|
| 100 |
|
|
|a 20011209d1993 m y0rusy50 ca
|
| 101 |
0 |
|
|a rus
|
| 102 |
|
|
|a RU
|
| 105 |
|
|
|a y z 000zb
|
| 200 |
1 |
|
|a Сексуальные преступления. Чикатило и другие
|f Ю. М. Антонян, А. А. Ткаченко
|
| 210 |
|
|
|a Москва
|c Амальтея
|d 1993
|
| 215 |
|
|
|a 318 с.
|
| 600 |
|
1 |
|a Чикатило
|b А. Р.
|c сексуальный маньяк
|c убийца
|f 1936-1992
|g Андрей Романович
|2 stltpush
|3 (RuTPU)RU\TPU\pers\13124
|9 3808
|
| 606 |
|
|
|a Криминология
|x Мотивы
|2 stltpush
|3 (RuTPU)RU\TPU\subj\16262
|9 42396
|
| 610 |
1 |
|
|a право
|
| 610 |
1 |
|
|a уголовное право
|
| 610 |
1 |
|
|a половые преступления
|
| 610 |
1 |
|
|a преступники
|
| 686 |
|
|
|a Х628.3
|v LBC/SL-A
|2 rubbk
|
| 700 |
|
1 |
|a Антонян
|b Ю. М.
|g Юрий Миранович
|
| 701 |
|
1 |
|a Ткаченко
|b А. А.
|g Андрей Анатольевич
|
| 801 |
|
0 |
|a RU
|b 63413507
|c 20011209
|g PSBO
|
| 801 |
|
2 |
|a RU
|b 63413507
|c 20171214
|g PSBO
|
| 942 |
|
|
|c BK
|